[Event "Heraklion SOI op 5th"]
[Site "Heraklion"]
[Date "2012.04.22"]
[Round "7"]
[White "Haralabaki, Athina"]
[Black "Kontaki, Maria"]
[Result "0-1"]
[WhiteElo "1065"]
[BlackElo "1000"]
[PlyCount "80"]
[EventDate "2012.04.17"]
[EventType "swiss"]
[EventRounds "7"]
[EventCountry "GRE"]
[SourceTitle "EXT 2024"]
[Source "ChessBase"]
[SourceDate "2023.10.10"]
[SourceVersion "1"]
[SourceVersionDate "2023.10.10"]
[SourceQuality "1"]

1. d4 d5 2. c4 Nf6 3. Nc3 e6 4. a3 c6 5. Nf3 Qa5 6. b4 Bxb4 7. Ra2 Bxc3+ 8. Bd2 Ne4 9. e3 Bxd2+ 10. Nxd2 Nc3 11. Nb3 Nxd1+ 12. Nxa5 Nc3 13. Ra1 b6 14. Nb3 Ba6 15. Rc1 Na2 16. Rc2 Bxc4 17. Bxc4 dxc4 18. Rxc4 a5 19. Rc2 a4 20. Nd2 Nb4 21. axb4 a3 22. 0-0 0-0 23. Ra2 Ra4 24. Rb1 Na6 25. b5 Nb4 26. Raa1 a2 27. Rb2 cxb5 28. g3 Rc8 29. Nb3 Nc2 30. Rc1 a1Q 31. Nxa1 Rxa1 32. Rbxc2 Rxc1+ 33. Rxc1 Rxc1+ 34. Kg2 b4 35. Kf3 b3 36. Ke2 b2 37. Kd2 b1Q 38. Ke2 Qb5+ 39. Kd2 Qb2+ 40. Kd3 Qc2# 0-1